000 00655nam a2200193 i 4500
001 116763
003 ES-MaACL
005 20250929063155.0
007 t|
008 061121s1934 sp r ||||1| spa d
100 1 _aPascua, Marcelino,
_d1897-1977
_989336
245 1 3 _aLa mortalidad infantil en España /
_cpor Marcelino Pascua.
260 _aMadrid :
_bBolaños y Aguilar,
_c1934.
300 _a120 p. ;
_c24 cm.
594 _aPrecede al tít.: Departamento de Estadísticas sanitarias de la Dirección General de Sanidad.
650 4 _aNiños-
_xMortalidad-
_zEspaña.
_9159237
852 _aES-MaACL
_j1783-F-24
999 _c116763
_d116763